Práca s odpadom v Holandsku
V rámci projektu PHARE Ecos Ouverture sa zástupcovia okresných a mestských úradov zúčastnili v Holandsku na stáži so zameraním na separáciu a likvidáciu odpadu. Separácia chemického odpadu. Separovaný zber. Spaľovne odpadu.
Gespeichert in:
| Format: | Buchkapitel |
|---|---|
| Sprache: | Slowakisch |
| Schlagworte: | |
| Tags: |
Keine Tags, Fügen Sie das erste Tag hinzu!
|
MARC
| LEADER | 00000naa a2200000 4500 | ||
|---|---|---|---|
| 001 | r026200 | ||
| 005 | 20230825080145.7 | ||
| 041 | 0 | |a slo | |
| 044 | |a SK | ||
| 245 | 1 | 0 | |a Práca s odpadom v Holandsku |
| 520 | |a V rámci projektu PHARE Ecos Ouverture sa zástupcovia okresných a mestských úradov zúčastnili v Holandsku na stáži so zameraním na separáciu a likvidáciu odpadu. Separácia chemického odpadu. Separovaný zber. Spaľovne odpadu. | ||
| 610 | 2 | 0 | |a Holandsko |
| 610 | 2 | 0 | |a odpad |
| 610 | 2 | 0 | |a zber surovín |
| 610 | 2 | 0 | |a likvidácia odpadu |